000 00279nam a22001217a 4500
003 SGT
082 _a618.1
_bP83K
100 _aKASE,NATHAN G
245 _aPRINCIPLES AND PRACTICE OF CLINICAL GYNECOLOGY
260 _aNEWYORK
_bJOHN WILLY
_c1983
300 _a1099
942 _2ddc
_cBK
999 _c14036
_d14036